[Event "CAN-ch U16"]
[Site "Windsor"]
[Date "2015.07.07"]
[Round "3.16"]
[White "Gaudette, Samuel"]
[Black "Richard, Lewis"]
[Result "0-1"]
[WhiteElo "956"]
[BlackElo "1395"]
[PlyCount "120"]
[EventDate "2015.07.06"]
[EventType "swiss"]
[EventRounds "7"]
[EventCountry "CAN"]
[SourceTitle "EXT 2022"]
[Source "ChessBase"]
[SourceDate "2021.10.06"]
[SourceVersion "1"]
[SourceVersionDate "2021.10.06"]
[SourceQuality "1"]

1. e4 e6 2. Bc4 Nf6 3. Nc3 Bb4 4. Nf3 Bxc3 5. dxc3 d5 6. exd5 exd5 7. Bb3 0-0 8. Bg5 Be6 9. 0-0 c6 10. Ne5 h6 11. Bxf6 Qxf6 12. Ng4 Bxg4 13. Qxg4 Na6 14. c4 Nc5 15. Rae1 Nxb3 16. cxb3 Qxb2 17. Qe2 Qxe2 18. Rxe2 Rae8 19. Rxe8 Rxe8 20. h3 Re2 21. Rd1 dxc4 22. bxc4 Rxa2 23. Rd7 b5 24. cxb5 cxb5 25. Rb7 a6 26. Kf1 Kf8 27. Ke1 g5 28. g4 Kg7 29. Rb6 Ra1+ 30. Ke2 Rh1 31. Rxa6 Rxh3 32. Rb6 Rb3 33. f3 f6 34. Kf2 Kf7 35. Rb7+ Kg6 36. Ke2 h5 37. gxh5+ Kxh5 38. Rb6 f5 39. Kf2 f4 40. Kg2 g4 41. fxg4+ Kxg4 42. Rg6+ Kf5 43. Rh6 f3+ 44. Kf2 Kg4 45. Rg6+ Kf5 46. Rg3 Kf4 47. Rh3 Rb2+ 48. Kf1 Kg4 49. Rh6 Rg2 50. Rg6+ Kf4 51. Rxg2 fxg2+ 52. Kxg2 b4 53. Kf2 b3 54. Ke2 b2 55. Kd2 b1Q 56. Ke2 Qe4+ 57. Kf2 Qe3+ 58. Kf1 Qh3+ 59. Kf2 Qh2+ 60. Ke1 Ke3 0-1